logo

Bir Sreshtho Munshi Abdur Rouf Library
Jhenaidah Cadet College

Student Atlas/ (Record no. 11762)

MARC details
000 -LEADER
fixed length control field 00576nam a2200229 a 4500
001 - CONTROL NUMBER
JCCL Control Number 11762
003 - CONTROL NUMBER IDENTIFIER
JCCL marc code BD-JhCC
005 - DATE AND TIME OF LATEST TRANSACTION
control field 20200903081022.0
008 - FIXED-LENGTH DATA ELEMENTS--GENERAL INFORMATION
fixed length control field 200903b19982013enka|||| ||a| 001 0 eng d
020 ## - INTERNATIONAL STANDARD BOOK NUMBER
International Standard Book Number 9781409340256
035 ## - SYSTEM CONTROL NUMBER
system control number (BD-JhCC)11762
040 ## - CATALOGING SOURCE
Original cataloging agency BD-JhCC
Modifying agency BD-JhCC
041 ## - LANGUAGE CODE
Language code of Book eng
082 ## - DEWEY DECIMAL CLASSIFICATION NUMBER
Classification number 912
Author mark and Year DOR 2013
100 ## - MAIN ENTRY--PERSONAL NAME
Personal name Kindersley, Dorling
245 ## - TITLE STATEMENT
Title Student Atlas/
Statement of responsibility, etc Dorling Kindersley,
260 ## - PUBLICATION, DISTRIBUTION, ETC. (IMPRINT)
Place of publication, distribution, etc England:
Name of publisher, distributor, etc DK;
Date of publication, distribution, etc 2013.
300 ## - PHYSICAL DESCRIPTION
Pagination 216 P.:
Other physical details ill :
Dimensions 29 cm.
650 ## - SUBJECT ADDED ENTRY--TOPICAL TERM
Topical term or geographic name as entry element Children's atlases
Form subdivision Atlases
942 ## - ADDED ENTRY ELEMENTS (KOHA)
Source of classification or shelving scheme Dewey Decimal Classification
Koha item type Books
Holdings
Source of classification or shelving scheme Damaged status Not for loan Home library Current library Date of accession Cost, normal purchase price Total Checkouts Full call number Barcode Date last seen Copy number Koha item type
Dewey Decimal Classification   Not For Loan JCC Rouf Library JCC Rouf Library 09/03/2020 718.00   912 DOR 2013 16005 09/03/2020 C-1 Books

JCC Library | Contacts | JCC Home

Last Update on 23 September 2017
Copyright @ 2017-2020 JCC Rouf Library
Rouf Library, Jhenidah Cadet College (JCC), Bangladesh